000 00881nam a22002417a 4500
003 dpl
005 20231213162923.0
008 231130b |||||||| |||| 00| 0 eng d
010 _aB-756051-056
020 _a9798189093760
_c275.00
035 _aB-756051-056
037 _bLotus Press
040 _c0
050 _a616.994
100 _4Ahluwalia, V.K.
245 _aCancer:
_bCauses and Prevention/
_cV.K. Ahluwalia and M. Ahluwalia
260 _aNew Delhi
_bLotus Press
_c2023
270 _a4263/3, Ansari Road, Darya Ganj,
_bNew Delhi
_e110002
300 _a189p.
_c22cm(pbk)
700 _4Ahluwalia, M.
942 _2ddc
_cEN
_h616.994
_mAHL
999 _c199319
_d199319